000 00854nam0a22002531 4500
001 rc\2903312
005 20250529221049.0
035 _a(NLR Aleph) 007054538
090 _a6224237
_c6224237
100 _a20110730d1930 |||y0rusy50 ca
101 0 _arus
102 _aRU
105 _aab z |||||
200 1 _aСтепной сказ
_fА. Нухрат
_gРис. и обл. худож. В. Сайчука
210 _aМосква
_aЛенинград
_cГос. изд-во
_d1930
_eМосква
_g1-я Образцовая тип.
215 _a78 с., [2] с. объявл.
_cил., карт.
_d21×15 см
700 1 _aНухрат
_bА.И.
_gАнтонина Ивановна
702 1 _aСайчук
_bВ.
_4040
801 0 _aRU
_bNLR
_gpsbo
801 1 _aRU
_bELAR
_2rusmarc
852 _aNLR
_j30-10/406
942 _cBOOK
980 _aNB